[Event "North Island-ch"]
[Site "Wellington"]
[Date "2021.04.03"]
[Round "4"]
[White "Hall, Nathan"]
[Black "Pomeroy, Arthur"]
[Result "0-1"]
[WhiteElo "1565"]
[BlackElo "1935"]
[PlyCount "52"]
[EventDate "2021.04.02"]
[EventType "swiss"]
[EventRounds "8"]
[EventCountry "NZL"]
[SourceTitle "EXT 2024"]
[Source "ChessBase"]
[SourceDate "2023.10.10"]
[SourceVersion "1"]
[SourceVersionDate "2023.10.10"]
[SourceQuality "1"]

1. e4 c5 2. Nc3 a6 3. a4 Nc6 4. g3 g6 5. Bg2 Bg7 6. d3 e6 7. f4 Nge7 8. Nf3 d5 9. 0-0 0-0 10. h3 Nd4 11. g4 Rb8 12. e5 Nxf3+ 13. Bxf3 Nc6 14. Ne2 f6 15. exf6 Bxf6 16. c3 e5 17. Qb3 Be6 18. f5 gxf5 19. gxf5 Bf7 20. Kh1 Kh8 21. Bh6 e4 22. Bxf8 exf3 23. Rxf3 Qxf8 24. Rg1 Ne5 25. Qb6 Bd8 26. Qa7 Nc6 0-1

[Event "NZL-ch Major op"]
[Site "Auckland"]
[Date "2019.01.20"]
[Round "7"]
[White "Zhang, Kendrick Botong"]
[Black "Hall, Nathan"]
[Result "0-1"]
[WhiteElo "1276"]
[BlackElo "1889"]
[PlyCount "74"]
[EventDate "2019.01.14"]
[EventType "swiss"]
[EventRounds "9"]
[EventCountry "NZL"]
[SourceTitle "CBM 189 Extra"]
[Source "ChessBase"]
[SourceDate "2019.06.03"]
[SourceVersion "1"]
[SourceVersionDate "2019.06.03"]
[SourceQuality "1"]

1. e4 e6 2. d4 d5 3. Nd2 Nf6 4. e5 Nfd7 5. Bd3 c5 6. c3 Nc6 7. Ne2 cxd4 8. cxd4 f6 9. exf6 Nxf6 10. 0-0 Bd6 11. Nf3 Qc7 12. Qc2 Bd7 13. a3 0-0 14. Bg5 h6 15. Bh4 Nh5 16. Bg6 Rxf3 17. gxf3 Bxh2+ 18. Kg2 Nf4+ 19. Nxf4 Bxf4 20. Rad1 Qd6 21. Rg1 Rf8 22. Bh7+ Kh8 23. Kh1 e5 24. Rg6 Be6 25. dxe5 Qxe5 26. Qc5 Qf5 27. Kg2 Kxh7 28. Rxe6 Qxe6 29. Qxf8 Bd6 30. Qa8 Qg6+ 31. Kf1 Qc2 32. Ke1 Ne5 33. Ra1 Nxf3+ 34. Kf1 Qd3+ 35. Kg2 Nxh4+ 36. Kg1 Qh3 37. Qxb7 Qg2# 0-1

[Event "ACT-ch"]
[Site "Canberra"]
[Date "2002.10.09"]
[Round "10"]
[White "Hall, Nathan"]
[Black "Mengelkamp, Brian"]
[Result "1-0"]
[WhiteElo "1554"]
[BlackElo "1213"]
[PlyCount "43"]
[EventDate "2002.08.07"]
[EventType "swiss"]
[EventRounds "11"]
[EventCountry "AUS"]
[SourceTitle "EXT 2006"]
[Source "ChessBase"]
[SourceDate "2005.11.24"]
[SourceVersion "1"]
[SourceVersionDate "2005.11.24"]
[SourceQuality "1"]

1. d4 e6 2. c4 d5 3. Nf3 Nd7 4. Nc3 dxc4 5. e4 c5 6. Bxc4 cxd4 7. Qxd4 Bc5 8. Qxg7 Qf6 9. Qxf6 Ngxf6 10. Nb5 Ke7 11. Bg5 Rg8 12. 0-0 h6 13. Nc7 Rb8 14. Bh4 Nb6 15. Bb3 e5 16. Rad1 Bh3 17. Bg3 Bg4 18. Rd3 Nxe4 19. Bxe5 Bxf3 20. Rxf3 Nd2 21. Rxf7+ Kd8 22. Rd1 1-0